Álgebra lineal y geometría /

Guardado en:
Autor Principal: Larotonda, Ángel Rafael, 1939-2005.
Formato: Libro
Idioma:Spanish
Publicado: [Buenos Aires] : Eudeba, 1977.
Series:Manuales (Editorial Universitaria de Buenos Aires)
Etiquetas: Agregar Etiqueta
Sin Etiquetas, Sea el primero en etiquetar este registro!
LEADER 00823nam a22001935a 4500
001 MAT.inmabb002941
008 051013s1977####ag#a#####b####001#0#spa#d
005 20130307135608.0
245 1 0 |a Álgebra lineal y geometría /  |c Ángel Rafael Larrotonda [i.e. Larotonda]. 
260 |a [Buenos Aires] :  |b Eudeba,  |c 1977. 
300 |a vii, 533 p. :  |b il. ;  |c 23 cm. 
490 0 |a Manuales 
500 |a "Consecuencia del curso de Geometría I que se dicta en la Facultad de Ciencias Exactas de la Universidad Nacional de Buenos Aires"--Introducción. 
504 |a Incluye referencias bibliográficas. 
100 1 |a Larotonda, Ángel Rafael,  |d 1939-2005. 
830 0 |a Manuales (Editorial Universitaria de Buenos Aires) 
084 |a 15-01  |2 msc2000 
859 |h 15  |i L331  |p A-4882  |b BIB. MATEMATICA 
859 |h 15  |i L331  |p A-4883  |t Ej. 2  |b BIB. MATEMATICA